[Event "4NCL/Div2/PER-BIG2"]
[Site "Rd5-Birmingham"]
[Date "2000.01.22"]
[Round "5.2"]
[White "Naylor, John"]
[Black "Trent, Lawrence"]
[Result "0-1"]
[WhiteElo "2257"]
[BlackElo "2188"]
[PlyCount "106"]
[EventDate "2000.01.22"]
[Source "Britbase"]
[SourceDate "2000.01.01"]

1. e4 c5 2. Nc3 g6 3. d4 Bg7 4. dxc5 Qa5 5. Nge2 Nf6 6. Ng3 Qxc5 7. Be3 Qa5 8.
Be2 h5 9. O-O d6 10. h3 Nc6 11. f4 Bd7 12. a3 Rc8 13. Bf3 O-O 14. Qd2 Be6 15.
b4 Qc7 16. Nd5 Bxd5 17. exd5 Nb8 18. Rac1 b5 19. c3 Nbd7 20. Bd4 Bh6 21. Rce1
Nb6 22. Bxf6 exf6 23. Rc1 Nc4 24. Qd4 Qb6 25. Be2 Bg7 26. f5 Bh6 27. Qxb6 axb6
28. Ra1 Nd2 29. Rfd1 Rxc3 30. Nf1 Nc4 31. Bd3 Kg7 32. Bxc4 bxc4 33. a4 Rb3 34.
Rdb1 Ra8 35. Rxb3 cxb3 36. Rb1 Rxa4 37. Rxb3 Bf4 38. Kf2 h4 39. Kf3 g5 40. Ne3
Bxe3 41. Kxe3 Ra2 42. Rc3 Rxg2 43. Rc6 Rg3+ 44. Kf2 Rxh3 45. Rxd6 g4 46. Rxb6
Rh2+ 47. Ke3 Rh3+ 48. Ke2 g3 49. Rc6 Rh2+ 50. Ke3 g2 51. Kf2 h3 52. Rc1 Rh1 53.
Rg1 Kf8 0-1

[Event "4NCL/Div2/PER-BIG2"]
[Site "Rd5-Birmingham"]
[Date "2000.01.22"]
[Round "5.3"]
[White "Levermore, Peter"]
[Black "Georghiou, Paul"]
[Result "1/2-1/2"]
[WhiteElo "2081"]
[BlackElo "2243"]
[PlyCount "99"]
[EventDate "2000.01.22"]
[Source "Britbase"]
[SourceDate "2000.01.01"]

1. e4 c6 2. d4 d5 3. exd5 cxd5 4. c4 Nf6 5. Nc3 Nc6 6. Nf3 g6 7. Ne5 dxc4 8.
Nxc6 bxc6 9. Bxc4 Bg7 10. O-O O-O 11. Bf4 Nd5 12. Nxd5 cxd5 13. Bb3 Ba6 14. Re1
e6 15. Qd2 Rc8 16. Be5 Bc4 17. Bxg7 Kxg7 18. Bxc4 Rxc4 19. b3 Rc8 20. Rac1 Qb6
21. h3 a5 22. Rc3 Qb4 23. Rec1 Rxc3 24. Qxc3 Rb8 25. Qg3 Rf8 26. Qc3 Rb8 27.
Qg3 Kg8 28. Qc7 a4 29. bxa4 Ra8 30. Qd7 Qxa4 31. Rc8+ Kg7 32. Qb7 Rxc8 33. Qxc8
Qxa2 34. Qc1 Qe2 35. Qf4 h6 36. f3 g5 37. Qc1 Qd3 38. Qb2 Kg6 39. Qf2 h5 40. h4
g4 41. fxg4 Qd1+ 42. Kh2 Qxg4 43. g3 Qe4 44. Qd2 f6 45. Qf2 Qd3 46. Qf4 Qf5 47.
Qb8 Qf2+ 48. Kh3 Qf5+ 49. Kh2 Qg4 50. Qg8+ 1/2-1/2

[Event "4NCL/Div2/PER-BIG2"]
[Site "Rd5-Birmingham"]
[Date "2000.01.22"]
[Round "5.4"]
[White "Wheeler, Darren"]
[Black "Taylor, Martin"]
[Result "1-0"]
[WhiteElo "2224"]
[BlackElo "2159"]
[PlyCount "85"]
[EventDate "2000.01.22"]
[Source "Britbase"]
[SourceDate "2000.01.01"]

1. e4 e5 2. Nf3 Nc6 3. Bb5 a6 4. Bxc6 dxc6 5. O-O Bd6 6. d4 exd4 7. Qxd4 f6 8.
b3 Ne7 9. Bb2 Ng6 10. Nbd2 Qe7 11. Qe3 O-O 12. Nc4 Bf4 13. Qe2 Re8 14. Rfe1 Qf7
15. Rad1 Bh6 16. Bc1 Bxc1 17. Rxc1 Bg4 18. Qe3 f5 19. Ng5 Qf6 20. e5 Qe7 21. f4
h6 22. Nf3 Nf8 23. Nd4 c5 24. Ne2 Bxe2 25. Qxe2 Ne6 26. Qf2 b6 27. Ne3 Qf7 28.
g3 Red8 29. Rcd1 Qh5 30. c3 a5 31. Qg2 Qf7 32. Qc6 Rab8 33. Nd5 Kh7 34. Rd2 Qe8
35. Qxe8 Rxe8 36. Red1 Rbd8 37. Kf2 Nd4 38. Nxc7 Re7 39. Nb5 Nxb5 40. Rxd8 Nxc3
41. R1d7 Re6 42. a4 Ne4+ 43. Kf3 1-0

[Event "4NCL/Div2/PER-BIG2"]
[Site "Rd5-Birmingham"]
[Date "2000.01.22"]
[Round "5.5"]
[White "Rendle, Thomas"]
[Black "Barnes, Michael"]
[Result "1/2-1/2"]
[WhiteElo "2108"]
[BlackElo "2245"]
[PlyCount "59"]
[EventDate "2000.01.22"]
[Source "Britbase"]
[SourceDate "2000.01.01"]

1. e4 c5 2. Nf3 Nc6 3. Bb5 g6 4. O-O Bg7 5. Bxc6 dxc6 6. d3 Nf6 7. h3 O-O 8.
Be3 b6 9. Nc3 Ne8 10. a4 a5 11. Qe2 Nc7 12. Nd2 e5 13. Nc4 Ne6 14. Qd2 Ba6 15.
b3 Rb8 16. Rfe1 Nd4 17. f4 Bxc4 18. bxc4 exf4 19. Bxf4 Nxc2 20. Qxc2 Qd4+ 21.
Kf1 Qxc3 22. Qxc3 Bxc3 23. Bxb8 Rxb8 24. Rab1 Bxe1 25. Kxe1 Kf8 26. g4 h6 27.
Kd2 Ke7 28. Ke3 Ke6 29. Kf4 Kd6 30. Rb2 1/2-1/2

[Event "4NCL/Div2/PER-BIG2"]
[Site "Rd5-Birmingham"]
[Date "2000.01.22"]
[Round "5.6"]
[White "Thomas, Nick"]
[Black "Hodge, David"]
[Result "1/2-1/2"]
[WhiteElo "2215"]
[BlackElo "2117"]
[PlyCount "111"]
[EventDate "2000.01.22"]
[Source "Britbase"]
[SourceDate "2000.01.01"]

1. e4 c5 2. Nc3 Nc6 3. g3 g6 4. Bg2 Bg7 5. d3 e6 6. Be3 d6 7. Qd2 Nd4 8. Nd1 e5
9. c3 Ne6 10. Ne2 f5 11. exf5 gxf5 12. d4 Ne7 13. dxe5 dxe5 14. Qxd8+ Kxd8 15.
b3 Kc7 16. b4 Bd7 17. f4 Bc6 18. O-O cxb4 19. Bxc6 bxc6 20. fxe5 Bxe5 21. Rc1
a5 22. Nf4 Nxf4 23. Bxf4 Bxf4 24. Rxf4 Rab8 25. Ne3 Rb5 26. cxb4 axb4 27. Rcc4
Ra8 28. Rxb4 Rxa2 29. Rxb5 cxb5 30. Nxf5 Nxf5 31. Rxf5 Kc6 32. Rf6+ Kc5 33.
Rf5+ Kc6 34. Rf6+ Kc5 35. Rf5+ Kb6 36. Rf6+ Ka5 37. Rf7 Ka4 38. Ra7+ Kb3 39.
Rxh7 b4 40. Rc7 Rc2 41. Rb7 Kc3 42. h4 b3 43. h5 b2 44. h6 Rc1+ 45. Kf2 b1=Q
46. Rxb1 Rxb1 47. Ke3 Rh1 48. g4 Rxh6 49. Ke4 Kc4 50. g5 Rh1 51. Ke5 Kc5 52. g6
Rg1 53. Kf6 Kd6 54. g7 Rf1+ 55. Kg6 Rg1+ 56. Kf6 1/2-1/2

[Event "4NCL/Div2/PER-BIG2"]
[Site "Rd5-Birmingham"]
[Date "2000.01.22"]
[Round "5.7"]
[White "Frost, Nick"]
[Black "Evans, Raymond"]
[Result "1/2-1/2"]
[WhiteElo "2109"]
[BlackElo "2176"]
[PlyCount "48"]
[EventDate "2000.01.22"]
[Source "Britbase"]
[SourceDate "2000.01.01"]

1. e4 e5 2. Nf3 Nc6 3. d4 exd4 4. Nxd4 Nf6 5. Nxc6 bxc6 6. Nc3 Bb4 7. Bd3 d5 8.
exd5 cxd5 9. Qe2+ Be7 10. Bb5+ Bd7 11. Bxd7+ Qxd7 12. O-O O-O 13. Bg5 Rab8 14.
Rfe1 Rfe8 15. Rad1 c6 16. b3 h6 17. Bh4 Qf5 18. Qd3 Qxd3 19. Rxd3 Bb4 20. Rxe8+
Rxe8 21. f3 Nd7 22. f4 Nc5 23. Rf3 d4 24. Nb1 Be1 1/2-1/2

[Event "4NCL/Div2/PER-BIG2"]
[Site "Rd5-Birmingham"]
[Date "2000.01.22"]
[Round "5.8"]
[White "Howard, Marieanne"]
[Black "Gilbert, Jessie"]
[Result "0-1"]
[WhiteElo "1536"]
[BlackElo "2050"]
[PlyCount "97"]
[EventDate "2000.01.22"]
[Source "Britbase"]
[SourceDate "2000.01.01"]

1. d4 c6 2. c4 d5 3. Bf4 e6 4. e3 Nf6 5. Nf3 Be7 6. Be2 O-O 7. O-O Nbd7 8. Qc2
Nh5 9. Be5 f5 10. Nc3 Nxe5 11. Nxe5 Qe8 12. cxd5 exd5 13. Qb3 Kh8 14. Bf3 Bd6
15. Ne2 g5 16. h3 Bxe5 17. dxe5 g4 18. hxg4 fxg4 19. Bxd5 cxd5 20. Qxd5 Qe6 21.
Nc3 Re8 22. Rfd1 Qxe5 23. Nb5 Nf6 24. Qxe5 Rxe5 25. Nc7 Rb8 26. Rd8+ Kg7 27.
Rc1 Kf7 28. a4 Ke7 29. Rh8 Kd7 30. Rf8 Ke7 31. Rh8 a6 32. b4 Kf7 33. b5 Kg7 34.
Rd8 axb5 35. axb5 Re7 36. b6 Kg6 37. Rc5 Rd7 38. Rf8 Rf7 39. Rd8 Rd7 40. Rf8
Re7 41. Rd8 h6 42. Rc4 Rd7 43. Rf8 Rd1+ 44. Kh2 Kg7 45. Ne6+ Bxe6 46. Rxb8 Bxc4
47. Rxb7+ Kg6 48. Rb8 Rb1 49. Rc8 0-1

[Event "4NCL/Div2/SCS-BAR2"]
[Site "Rd5-Birmingham"]
[Date "2000.01.22"]
[Round "5.1"]
[White "Greet, Andrew"]
[Black "Duncan, Chris"]
[Result "0-1"]
[WhiteElo "2238"]
[BlackElo "2302"]
[PlyCount "62"]
[EventDate "2000.01.22"]
[Source "Britbase"]
[SourceDate "2000.01.01"]

1. e4 c5 2. Nf3 d6 3. d4 cxd4 4. Nxd4 Nf6 5. Nc3 g6 6. Be3 Bg7 7. f3 Nc6 8. Qd2
Bd7 9. O-O-O Rc8 10. Kb1 Ne5 11. Bh6 Bxh6 12. Qxh6 Rxc3 13. bxc3 Qa5 14. Qe3
O-O 15. Nb3 Qc7 16. Qxa7 Be6 17. Kb2 Rc8 18. Qa5 b6 19. Qb4 Nfd7 20. Bb5 Nc5
21. a4 Ra8 22. Ra1 Bxb3 23. c4 Ned3+ 24. cxd3 Nxd3+ 25. Kxb3 Nxb4 26. Kxb4 Qc5+
27. Kb3 Qe3+ 28. Kb2 Qd2+ 29. Kb3 Qxg2 30. Raf1 Rc8 31. h4 Rc5 0-1

[Event "4NCL/Div2/SCS-BAR2"]
[Site "Rd5-Birmingham"]
[Date "2000.01.22"]
[Round "5.2"]
[White "Rogers, Jonathan"]
[Black "Deva, Chetan"]
[Result "1-0"]
[WhiteElo "2340"]
[BlackElo "2098"]
[PlyCount "45"]
[EventDate "2000.01.22"]
[Source "Britbase"]
[SourceDate "2000.01.01"]

1. e4 c5 2. Nf3 d6 3. Bb5+ Bd7 4. Qe2 e6 5. O-O Be7 6. Bxd7+ Nxd7 7. d4 cxd4 8.
Nxd4 Ngf6 9. c4 O-O 10. Nc3 Rc8 11. b3 a6 12. Bb2 Qc7 13. Rad1 Qb8 14. f4 Qa7
15. Kh1 Rc7 16. f5 e5 17. Nc2 b5 18. Ne3 Nb6 19. cxb5 Rxc3 20. Bxc3 Nxe4 21.
Ba5 axb5 22. Bxb6 Qxb6 23. Nd5 1-0

[Event "4NCL/Div2/SCS-BAR2"]
[Site "Rd5-Birmingham"]
[Date "2000.01.22"]
[Round "5.3"]
[White "Clark, Stephen"]
[Black "D'Costa, Lorin"]
[Result "1/2-1/2"]
[WhiteElo "2132"]
[BlackElo "2215"]
[PlyCount "54"]
[EventDate "2000.01.22"]
[Source "Britbase"]
[SourceDate "2000.01.01"]

1. d4 Nf6 2. Nf3 e6 3. Bf4 c5 4. e3 b6 5. Nbd2 d6 6. c3 Bb7 7. Bd3 Be7 8. h3
O-O 9. Qe2 cxd4 10. exd4 Nbd7 11. O-O a6 12. Rfe1 b5 13. Ng5 Qb6 14. Bf5 Bd5
15. Qd3 h6 16. Nh7 Rfe8 17. Nxf6+ Nxf6 18. Be4 Nxe4 19. Nxe4 Qc6 20. f3 a5 21.
Nd2 Rec8 22. Rec1 a4 23. a3 Ra7 24. Nf1 Bc4 25. Qd2 Bxf1 26. Rxf1 Qd5 27. Rad1
Rd7 1/2-1/2

[Event "4NCL/Div2/SCS-BAR2"]
[Site "Rd5-Birmingham"]
[Date "2000.01.22"]
[Round "5.4"]
[White "Twyble, Michael"]
[Black "Bigg, Andrew"]
[Result "1/2-1/2"]
[WhiteElo "2214"]
[BlackElo "2163"]
[PlyCount "21"]
[EventDate "2000.01.22"]
[Source "Britbase"]
[SourceDate "2000.01.01"]

1. d4 f5 2. h3 Nf6 3. g4 d5 4. g5 Ne4 5. Nf3 e6 6. Bf4 Bd6 7. Bxd6 cxd6 8. h4
h6 9. gxh6 Rxh6 10. Rg1 Qe7 11. e3 1/2-1/2

[Event "4NCL/Div2/SCS-BAR2"]
[Site "Rd5-Birmingham"]
[Date "2000.01.22"]
[Round "5.5"]
[White "Rattray, Ross"]
[Black "Mack, Andrew"]
[Result "1/2-1/2"]
[WhiteElo "2109"]
[BlackElo "2280"]
[PlyCount "32"]
[EventDate "2000.01.22"]
[Source "Britbase"]
[SourceDate "2000.01.01"]

1. e4 e6 2. d4 d5 3. Nc3 Bb4 4. Nge2 Nc6 5. exd5 exd5 6. a3 Bxc3+ 7. Nxc3 Nge7
8. Bb5 O-O 9. O-O a6 10. Bxc6 Nxc6 11. Bf4 Bf5 12. Ne2 Qd7 13. Qd2 Rfe8 14. Ng3
Bg6 15. Rae1 f6 16. Be3 Ne7 1/2-1/2

[Event "4NCL/Div2/SCS-BAR2"]
[Site "Rd5-Birmingham"]
[Date "2000.01.22"]
[Round "5.6"]
[White "Kieran, Rosalind"]
[Black "Noakes, Matthew"]
[Result "0-1"]
[WhiteElo "2085"]
[BlackElo "2056"]
[PlyCount "128"]
[EventDate "2000.01.22"]
[Source "Britbase"]
[SourceDate "2000.01.01"]

1. e4 e5 2. Nf3 Nc6 3. Bc4 Bc5 4. c3 Qe7 5. d3 Nf6 6. O-O d6 7. Nbd2 Bd7 8. Re1
h6 9. Nf1 g5 10. b4 Bb6 11. Ne3 g4 12. Nd2 Qf8 13. a4 a5 14. b5 Ne7 15. Bb2 h5
16. d4 O-O-O 17. Be2 Ng6 18. Nec4 Be6 19. Nxb6+ cxb6 20. d5 Bd7 21. Nc4 Kc7 22.
Ba3 Nxe4 23. Qd3 Nc5 24. Bxc5 bxc5 25. b6+ Kb8 26. Nxa5 Nf4 27. Qc4 Bc8 28. Bf1
Qe8 29. Nb3 Rg8 30. a5 Qd7 31. Qe4 f5 32. Qe3 Nxd5 33. Qd2 Qc6 34. a6 Nxb6 35.
Na5 Qc7 36. axb7 Bxb7 37. Nxb7 Qxb7 38. Ba6 Qc6 39. Reb1 Kc7 40. Bb5 Qb7 41.
Bc4 Rg6 42. Ba6 Qc6 43. Bb5 Qb7 44. Ba6 Qb8 45. Qa2 Rf6 46. Qa5 Qa7 47. Qb5 Ra8
48. Qd3 h4 49. Qb5 h3 50. Qb2 d5 51. Qe2 Kd6 52. Qb2 Ke7 53. Qb5 Qc7 54. Qa5 f4
55. Rb5 Rc6 56. Rab1 Rb8 57. Qa2 Qd6 58. Qa5 hxg2 59. R5b2 Qh6 60. Kxg2 f3+ 61.
Kg1 Rh8 62. Kf1 Qxh2 63. Ke1 Qg1+ 64. Bf1 Qxf1+ 0-1

[Event "4NCL/Div2/SCS-BAR2"]
[Site "Rd5-Birmingham"]
[Date "2000.01.22"]
[Round "5.7"]
[White "Cooley, Oliver"]
[Black "Moore, John"]
[Result "0-1"]
[WhiteElo "1896"]
[BlackElo "2148"]
[PlyCount "98"]
[EventDate "2000.01.22"]
[Source "Britbase"]
[SourceDate "2000.01.01"]

1. e4 e5 2. Nf3 Nc6 3. Nc3 Nf6 4. Bb5 Bb4 5. O-O O-O 6. d3 d6 7. Bg5 Bxc3 8.
bxc3 Qe7 9. Nd2 h6 10. Bh4 Nd8 11. d4 Ne6 12. d5 Nf4 13. f3 Ng6 14. Bf2 Nh5 15.
c4 a6 16. Ba4 Nhf4 17. Kh1 Qg5 18. Rg1 b6 19. Qe1 h5 20. Be3 Qe7 21. g3 Nh3 22.
Rf1 Ng5 23. Qe2 Bh3 24. Rg1 Bc8 25. c3 f5 26. Bc2 f4 27. gxf4 Nxf4 28. Bxf4
Rxf4 29. Qg2 Nh3 30. Rge1 Bd7 31. Re3 Raf8 32. Bd3 R8f6 33. c5 bxc5 34. Bxa6
Kh7 35. Ree1 Rg6 36. Qe2 Qh4 37. Rf1 Rg1+ 38. Rxg1 Nf2+ 39. Qxf2 Qxf2 40. Rg2
Qe3 41. Rag1 Rf7 42. Nb1 h4 43. Bf1 Bh3 44. a4 Bxg2+ 45. Bxg2 Qe2 46. a5 Qa2
47. Bh3 Rxf3 48. Bf5+ Kh8 49. Be6 Rf2 0-1

[Event "4NCL/Div2/SCS-BAR2"]
[Site "Rd5-Birmingham"]
[Date "2000.01.22"]
[Round "5.8"]
[White "Flower, David"]
[Black "Partington, Anna"]
[Result "0-1"]
[WhiteElo "2081"]
[BlackElo "1496"]
[PlyCount "136"]
[EventDate "2000.01.22"]
[Source "Britbase"]
[SourceDate "2000.01.01"]

1. g3 d5 2. Bg2 Nf6 3. d3 g6 4. Nd2 Bg7 5. e4 dxe4 6. dxe4 c6 7. Ngf3 O-O 8.
Qe2 Nbd7 9. O-O Qa5 10. e5 Nd5 11. c4 Nc7 12. Nb3 Qa6 13. Be3 Ne6 14. Rfc1 Nxe5
15. Nfd4 Nxd4 16. Bxd4 Ng4 17. Bxg7 Kxg7 18. Qxe7 Qb6 19. c5 Qb4 20. Qh4 h6 21.
h3 g5 22. Qh5 Nf6 23. Qe2 Be6 24. Rc3 Rfe8 25. Qc2 Rad8 26. Rf1 Qb5 27. f4 Bxb3
28. Rxb3 Qe2 29. Qxe2 Rxe2 30. Rxb7 Rdd2 31. Bf3 Rxb2 32. Rxa7 Rxa2 33. Rc7 Rh2
34. fxg5 hxg5 35. Ra1 Rad2 36. Raa7 Rxh3 37. Rxf7+ Kg6 38. Rg7+ Kf5 39. g4+ Kf4
40. Bg2 Rc3 41. Ra1 Rdc2 42. Rf7 Kg3 43. Rxf6 Rxg2+ 44. Kf1 Rh2 45. Re1 Rf3+
46. Rxf3+ Kxf3 47. Kg1 Rc2 48. Ra1 Kxg4 49. Ra3 Rxc5 50. Kf2 Rf5+ 51. Kg2 c5
52. Rc3 Kf4 53. Kf2 Ke4+ 54. Ke2 Kd4 55. Rd3+ Kc4 56. Rg3 Rd5 57. Rg4+ Kb3 58.
Ke3 Kc3 59. Rg1 Re5+ 60. Kf3 c4 61. Rc1+ Kd3 62. Rd1+ Kc2 63. Rd8 c3 64. Rb8
Kc1 65. Kf2 c2 66. Kf3 Rd5 67. Ke2 Rd4 68. Ke3 Kd1 0-1

[Event "4NCL/Div2/SL2-PP"]
[Site "Rd5-Birmingham"]
[Date "2000.01.22"]
[Round "5.1"]
[White "Houska, Jovanka"]
[Black "Swanson, Stephen"]
[Result "1/2-1/2"]
[WhiteElo "2282"]
[BlackElo "2283"]
[PlyCount "138"]
[EventDate "2000.01.22"]
[Source "Britbase"]
[SourceDate "2000.01.01"]

1. e4 e5 2. Nf3 Nc6 3. d4 exd4 4. c3 d5 5. exd5 Qxd5 6. cxd4 Nf6 7. Nc3 Bb4 8.
Be2 Bf5 9. O-O Bxc3 10. bxc3 O-O 11. Bf4 Rac8 12. Re1 Rfe8 13. Qa4 Be4 14. Ne5
Nxe5 15. dxe5 Nd7 16. Bc4 Bc2 17. Bxd5 Bxa4 18. Bxb7 Rb8 19. Bd5 Nb6 20. Bf3
Re7 21. Bg3 Rbe8 22. Bd1 f6 23. f4 Bxd1 24. Raxd1 fxe5 25. Rxe5 Rxe5 26. fxe5
Re6 27. Kf2 Kf7 28. Ke3 Rc6 29. Rf1+ Ke6 30. Kd3 Nd7 31. Re1 Ra6 32. Re2 Ra4
33. Rf2 h5 34. h3 Nc5+ 35. Ke3 Re4+ 36. Kd2 Ra4 37. Ke3 Re4+ 38. Kd2 Ra4 39.
Ke3 Rc4 40. Rc2 h4 41. Bh2 Re4+ 42. Kf3 Rc4 43. Ke3 Re4+ 44. Kf3 Rc4 45. Ke3 g5
46. g3 Nd7 47. gxh4 Rxh4 48. Kf3 Nxe5+ 49. Kg2 Re4 50. Rb2 Nd3 51. Rd2 Nf4+ 52.
Bxf4 Rxf4 53. Rb2 Ra4 54. Kf3 Rc4 55. Rb3 c5 56. Ra3 Kf5 57. Rxa7 Rxc3+ 58. Kg2
Rc2+ 59. Kg3 Rc3+ 60. Kg2 c4 61. a4 Ra3 62. a5 Kf4 63. Rf7+ Ke4 64. Ra7 c3 65.
a6 c2 66. Rc7 Kd3 67. Rd7+ Ke2 68. Re7+ Kd2 69. Rd7+ Ke2 1/2-1/2

[Event "4NCL/Div2/SL2-PP"]
[Site "Rd5-Birmingham"]
[Date "2000.01.22"]
[Round "5.2"]
[White "Byway, Paul"]
[Black "Buckley, Graeme"]
[Result "0-1"]
[WhiteElo "2240"]
[BlackElo "2355"]
[PlyCount "70"]
[EventDate "2000.01.22"]
[Source "Britbase"]
[SourceDate "2000.01.01"]

1. d4 Nf6 2. Nf3 g6 3. Bf4 Bg7 4. e3 O-O 5. Be2 d6 6. h3 Nbd7 7. O-O Qe8 8. a4
e5 9. Bh2 Ne4 10. Na3 f5 11. c3 Kh8 12. Nc4 Qe7 13. a5 a6 14. Qb3 g5 15. Qa3 g4
16. hxg4 fxg4 17. Nfxe5 Nxe5 18. dxe5 Be6 19. exd6 Qh4 20. Bg3 Nxg3 21. fxg3
Qxg3 22. Qc5 Bxc4 23. Bxc4 Be5 24. Rf4 cxd6 25. Qb6 Rxf4 26. exf4 Qxf4 27. Qxb7
Rf8 28. g3 Qxc4 29. Qg2 Qc5+ 30. Kh1 Qe3 31. Rf1 Rf3 32. Rxf3 Qxf3 33. Kg1 Qxg3
34. Kf1 Qxg2+ 35. Kxg2 d5 0-1

[Event "4NCL/Div2/SL2-PP"]
[Site "Rd5-Birmingham"]
[Date "2000.01.22"]
[Round "5.3"]
[White "Smith, Andrew P"]
[Black "Hammond, Andrew"]
[Result "1-0"]
[WhiteElo "2231"]
[BlackElo "2212"]
[PlyCount "59"]
[EventDate "2000.01.22"]
[Source "Britbase"]
[SourceDate "2000.01.01"]

1. e4 c5 2. Nf3 e6 3. d4 cxd4 4. Nxd4 Nc6 5. Nb5 Nf6 6. N1c3 d6 7. Bf4 e5 8.
Bg5 a6 9. Na3 b5 10. Nd5 Qa5+ 11. Bd2 Qd8 12. c4 Nxd5 13. cxd5 Ne7 14. Be2 f5
15. O-O fxe4 16. Bg5 Qb6 17. Nc2 Nf5 18. a4 Bd7 19. axb5 Bxb5 20. Bxb5+ Qxb5
21. Na3 Qb4 22. Qc2 Nd4 23. Qxe4 Be7 24. Bxe7 Kxe7 25. f4 Nc6 26. Nc4 Qc5+ 27.
Kh1 Qd4 28. Qe2 Qxd5 29. fxe5 Nxe5 30. Ra5 1-0

[Event "4NCL/Div2/SL2-PP"]
[Site "Rd5-Birmingham"]
[Date "2000.01.22"]
[Round "5.4"]
[White "Rosen, Daniel"]
[Black "Tucker, Alex"]
[Result "1/2-1/2"]
[WhiteElo "2239"]
[BlackElo "2192"]
[PlyCount "82"]
[EventDate "2000.01.22"]
[Source "Britbase"]
[SourceDate "2000.01.01"]

1. e4 d6 2. d4 Nf6 3. Nc3 c6 4. Be3 Qb6 5. Rb1 Nbd7 6. h3 Qa5 7. Bd3 e5 8. Nge2
Be7 9. O-O O-O 10. Qd2 Qc7 11. Ng3 Re8 12. Nce2 d5 13. dxe5 Nxe5 14. f4 Nxd3
15. cxd3 dxe4 16. dxe4 Be6 17. b3 Rad8 18. Qc2 Qa5 19. Kh1 Bb4 20. Bd4 Nh5 21.
Nxh5 Qxh5 22. f5 Bd5 23. Rf4 Bd6 24. Rg4 Qxg4 25. hxg4 Bxe4 26. Qc1 Bxb1 27.
Ng1 Bg3 28. Qc3 Be1 29. Qb2 Bd3 30. Bxg7 Rd6 31. Bh8 Rh6+ 32. Nh3 f6 33. Bxf6
Bg3 34. Bc3 Re2 35. Qc1 Rxh3+ 36. gxh3 Be4+ 37. Kg1 Rg2+ 38. Kf1 Rf2+ 39. Kg1
Rg2+ 40. Kf1 Rf2+ 41. Kg1 Rg2+ 1/2-1/2

[Event "4NCL/Div2/SL2-PP"]
[Site "Rd5-Birmingham"]
[Date "2000.01.22"]
[Round "5.5"]
[White "Richmond, Robert"]
[Black "Moore, Gerald"]
[Result "1/2-1/2"]
[WhiteElo "2238"]
[BlackElo "2202"]
[PlyCount "75"]
[EventDate "2000.01.22"]
[Source "Britbase"]
[SourceDate "2000.01.01"]

1. d4 Nf6 2. c4 g6 3. Nc3 d5 4. Bf4 Bg7 5. e3 O-O 6. Nf3 c5 7. dxc5 Qa5 8. Rc1
Be6 9. Nd4 Qxc5 10. Nxe6 fxe6 11. Qb3 Nc6 12. Qb5 Qxb5 13. cxb5 Nb8 14. Be2
Nbd7 15. O-O Rac8 16. Rfd1 Nb6 17. Bg3 Rc5 18. b4 Rcc8 19. Be5 Nfd7 20. Bxg7
Kxg7 21. e4 Nf6 22. e5 Nfd7 23. Bg4 Kf7 24. f4 Rc4 25. Ne2 h5 26. Bh3 Rfc8 27.
Rxc4 Rxc4 28. Nd4 Nf8 29. a3 Rc3 30. Nf3 Rxa3 31. Ng5+ Ke8 32. Nxe6 Rxh3 33.
Nxf8 Rb3 34. Nxg6 Rxb4 35. Ra1 Ra4 36. Rc1 Rc4 37. Ra1 Ra4 38. Rc1 1/2-1/2

[Event "4NCL/Div2/SL2-PP"]
[Site "Rd5-Birmingham"]
[Date "2000.01.22"]
[Round "5.6"]
[White "Ledger, Stephen"]
[Black "De Coverly, Roger"]
[Result "1-0"]
[WhiteElo "2162"]
[BlackElo "2096"]
[PlyCount "57"]
[EventDate "2000.01.22"]
[Source "Britbase"]
[SourceDate "2000.01.01"]

1. d4 Nf6 2. Nf3 g6 3. Bf4 Bg7 4. e3 O-O 5. h3 a6 6. c4 d6 7. Nc3 Nc6 8. Be2
Nd7 9. O-O h6 10. Bh2 e5 11. Rc1 Kh8 12. Nd5 e4 13. Nd2 f5 14. c5 Ne7 15. Nxc7
Qxc7 16. cxd6 Qd8 17. dxe7 Qxe7 18. Rc7 Qd8 19. Qc2 Nf6 20. Nc4 Nd5 21. Ne5 Qe8
22. Rc5 Nf6 23. Bc4 Bd7 24. Qb3 Ba4 25. Qxb7 Rb8 26. Qxb8 Qxb8 27. Nxg6+ Kh7
28. Bxb8 Rxb8 29. b3 1-0

[Event "4NCL/Div2/SL2-PP"]
[Site "Rd5-Birmingham"]
[Date "2000.01.22"]
[Round "5.7"]
[White "Mashayekh, Majid"]
[Black "Walker, Martin"]
[Result "1/2-1/2"]
[WhiteElo "2006"]
[BlackElo "2112"]
[PlyCount "114"]
[EventDate "2000.01.22"]
[Source "Britbase"]
[SourceDate "2000.01.01"]

1. d4 Nf6 2. c4 g6 3. Nc3 d5 4. Nf3 Bg7 5. Qb3 dxc4 6. Qxc4 O-O 7. e4 Nbd7 8.
Bf4 c6 9. Rd1 Nb6 10. Qb3 Be6 11. Qc2 Nh5 12. Be3 Bc4 13. Bd3 Qc7 14. O-O Rad8
15. Ne2 Bxd3 16. Rxd3 Qd7 17. Rfd1 Qe6 18. Nc3 Nc4 19. Bc1 b5 20. d5 cxd5 21.
Ng5 Qb6 22. Nxd5 Qb7 23. Nf6+ exf6 24. Rxd8 fxg5 25. Bxg5 h6 26. Rxf8+ Bxf8 27.
Bh4 g5 28. Bg3 Nxg3 29. hxg3 Qe7 30. b3 Nd6 31. Re1 Qe5 32. Qc7 Qd4 33. Qc2 Bg7
34. Kf1 b4 35. g4 a6 36. g3 Qc3 37. Qe2 Nb5 38. Kg2 Nd4 39. Qd1 a5 40. Re3 Qc2
41. Rd3 Qxd1 42. Rxd1 Bf6 43. f4 gxf4 44. gxf4 Ne2 45. Kf3 Nc3 46. Rd2 Be7 47.
Ke3 Bc5+ 48. Kd3 Kf8 49. Rh2 Kg7 50. a3 Nd1 51. axb4 axb4 52. Kc4 Be3 53. g5
hxg5 54. fxg5 Bxg5 55. Kxb4 Kf6 56. Kc4 Ke5 57. Kd3 f5 1/2-1/2

[Event "4NCL/Div2/SL2-PP"]
[Site "Rd5-Birmingham"]
[Date "2000.01.22"]
[Round "5.8"]
[White "Turvey, Syringa"]
[Black "Crichton, Martin"]
[Result "0-1"]
[WhiteElo "1656"]
[BlackElo "2025"]
[PlyCount "48"]
[EventDate "2000.01.22"]
[Source "Britbase"]
[SourceDate "2000.01.01"]

1. e4 c6 2. d4 d5 3. Nc3 dxe4 4. Nxe4 Bf5 5. Ng3 Bg6 6. Nf3 Nd7 7. h4 h6 8. h5
Bh7 9. Bd3 Bxd3 10. Qxd3 Ngf6 11. c4 e6 12. O-O Bd6 13. Ne4 Nxe4 14. Qxe4 Nf6
15. Qh4 Be7 16. Bd2 Qc7 17. Rfe1 O-O-O 18. a3 Rhg8 19. b4 g5 20. hxg6 Rxg6 21.
Ne5 Ng4 22. Qh5 Nxe5 23. Rxe5 Rxd4 24. Qe2 Rxd2 0-1

[Event "4NCL/Div2/SWD-BCCA"]
[Site "Rd5-Birmingham"]
[Date "2000.01.22"]
[Round "5.1"]
[White "Dineley, Richard"]
[Black "Carleton, John"]
[Result "1/2-1/2"]
[WhiteElo "2263"]
[BlackElo "2267"]
[PlyCount "33"]
[EventDate "2000.01.22"]
[Source "Britbase"]
[SourceDate "2000.01.01"]

1. e4 Nf6 2. e5 Nd5 3. d4 d6 4. Nf3 Bg4 5. Be2 c6 6. exd6 exd6 7. O-O Be7 8. c4
Nb6 9. Qb3 O-O 10. Be3 N8d7 11. h3 Bxf3 12. Bxf3 Bg5 13. Bxg5 Qxg5 14. Nc3 Rfe8
15. a4 a5 16. Rac1 Rab8 17. Rfd1 1/2-1/2

[Event "4NCL/Div2/SWD-BCCA"]
[Site "Rd5-Birmingham"]
[Date "2000.01.22"]
[Round "5.2"]
[White "Toothill, John"]
[Black "Rayner, Francis"]
[Result "1/2-1/2"]
[WhiteElo "2226"]
[BlackElo "2229"]
[PlyCount "43"]
[EventDate "2000.01.22"]
[Source "Britbase"]
[SourceDate "2000.01.01"]

1. e4 c5 2. Nf3 e6 3. Nc3 a6 4. d4 cxd4 5. Nxd4 Qc7 6. Be2 Bb4 7. O-O Nf6 8.
Bf3 Nc6 9. Nxc6 bxc6 10. Bg5 Be7 11. Re1 e5 12. Qd2 O-O 13. Rad1 Rd8 14. Na4 d6
15. c4 Be6 16. Qc3 Rab8 17. Bxf6 Bxf6 18. b3 c5 19. g3 Rb4 20. Qc2 Bd7 21. Nc3
Bc6 22. Rb1 1/2-1/2

[Event "4NCL/Div2/SWD-BCCA"]
[Site "Rd5-Birmingham"]
[Date "2000.01.22"]
[Round "5.3"]
[White "James, David J"]
[Black "Stephenson, F Norman"]
[Result "1/2-1/2"]
[WhiteElo "2238"]
[BlackElo "2221"]
[PlyCount "49"]
[EventDate "2000.01.22"]
[Source "Britbase"]
[SourceDate "2000.01.01"]

1. d4 d5 2. c4 e6 3. Nc3 Be7 4. Nf3 Nf6 5. Bf4 dxc4 6. e3 Nd5 7. Bxc4 Nxf4 8.
exf4 Nc6 9. O-O O-O 10. Rc1 Bf6 11. Ne2 Nb4 12. a3 Nd5 13. Qc2 c6 14. Ba2 g6
15. Ne5 Bg7 16. g3 Qe7 17. Rfe1 Rd8 18. Qc5 Bd7 19. Qa5 Be8 20. Nc3 Nc7 21.
Red1 b6 22. Qa4 c5 23. Qc4 Rxd4 24. Rxd4 cxd4 25. Qxd4 1/2-1/2

[Event "4NCL/Div2/SWD-BCCA"]
[Site "Rd5-Birmingham"]
[Date "2000.01.22"]
[Round "5.4"]
[White "Wise, David"]
[Black "Zeidler, Sven"]
[Result "1/2-1/2"]
[WhiteElo "2145"]
[BlackElo "2235"]
[PlyCount "45"]
[EventDate "2000.01.22"]
[Source "Britbase"]
[SourceDate "2000.01.01"]

1. d4 f5 2. g3 Nf6 3. Bg2 g6 4. c4 Bg7 5. Nc3 d6 6. Nh3 O-O 7. d5 c6 8. Nf4 e5
9. dxe6 Na6 10. O-O Nc5 11. Qc2 Qe7 12. Bd2 Bxe6 13. Nxe6 Qxe6 14. b3 Rad8 15.
Rad1 Rfe8 16. Be3 Ng4 17. Bg5 Rd7 18. h3 Nf6 19. Be3 Nh5 20. Bxc5 dxc5 21. Rxd7
Qxd7 22. e3 Qe7 23. Ne2 1/2-1/2